| 000 | 00943nam a22002655a 4500 | ||
|---|---|---|---|
| 003 | OSt | ||
| 005 | 20170129103727.0 | ||
| 008 | 160922s1996 ua frb 000 0 ara d | ||
| 015 | _296 / 5053 | ||
| 020 | _a9789770416967 | ||
| 040 |
_aEG-ScBUE _bara _cEG-ScBUE _dEG-ScBUE |
||
| 082 | 0 | 4 |
_a347.6206 _bر ب ي _222 |
| 100 | 1 | _aربيع، حسن. | |
| 245 | 1 | 0 |
_aدور القاضي الجنائي في الإثبات : _bدراسة مقارنة / _cحسن ربيع. |
| 250 | _aط. 4. | ||
| 260 |
_aالقاهرة : _bدار الثقافة العربية، _c[1996] |
||
| 300 |
_a208 ص. ؛ _c24 سم. |
||
| 504 | _aيشتمل على إرجاعات ببليوجرافية. | ||
| 650 | 7 |
_aقانون الإجراءات الجنائية _zمصر. _941140 _2BUEsh |
|
| 650 | 7 |
_aالإثبات (قانون) _z مصر. _2BUEsh |
|
| 650 | 7 |
_aالقضاء _zمصر. _931125 _2BUEsh |
|
| 651 | _2BUEsh | ||
| 653 |
_bLLAAWW _cJanuary2017 |
||
| 942 | _2ddc | ||
| 999 |
_c24011 _d23983 |
||